La poesie pure avec un debat sur la poesie par Robert de Souza / (Record no. 35951)

MARC details
000 -LEADER
campo de control de longitud fija 00550nam a2200193 i 4500
001 - NÚMERO DE CONTROL
campo de control 35951
003 - IDENTIFICADOR DE NÚMERO DE CONTROL
campo de control ES-MaACL
005 - FECHA Y HORA DE LA ÚLTIMA TRANSACCIÓN
campo de control 20230906155244.0
007 - CAMPO FIJO DE DESCRIPCIÓN FÍSICA--INFORMACIÓN GENERAL
campo de control de longitud fija t|
008 - DATOS DE LONGITUD FIJA--INFORMACIÓN GENERAL
campo de control de longitud fija 030214s1926 fr ||||1| fre d
100 1# - ENTRADA PRINCIPAL--NOMBRE DE PERSONA
Nombre de persona Bremond, Henri.
9 (RLIN) 31573
245 13 - MENCIÓN DEL TÍTULO
Título La poesie pure avec un debat sur la poesie par Robert de Souza /
Mención de responsabilidad, etc. Henri Bremond.
260 ## - PUBLICACIÓN, DISTRIBUCIÓN, ETC.
Lugar de publicación, distribución, etc. Paris :
Nombre del editor, distribuidor, etc. Bernard Grasset,
Fecha de publicación, distribución, etc. 1926.
300 ## - DESCRIPCIÓN FÍSICA
Extensión 321 p. ;
Dimensiones 19 cm.
490 1# - MENCIÓN DE SERIE
Mención de serie Polonnaire ;
Designación de volumen o secuencia 3
830 0# - PUNTO DE ACCESO ADICIONAL DE SERIE-TÍTULO UNIFORME
Título uniforme Polonnaire ;
Designación de volumen o secuencia 3
9 (RLIN) 229558
852 ## - LOCALIZACIÓN
Ubicación ES-MaACL
Número de control de estantería A-2761
Holdings
Estatus retirado Estado de pérdida Estado de daño No para préstamo Biblioteca de origen Biblioteca actual Ubicación en estantería Fecha de adquisición Fuente de adquisición Total de préstamos Signatura topográfica completa Código de barras Visto por última vez Precio de reemplazo Tipo de ítem Koha
        Biblioteca del Ateneo de Madrid Biblioteca del Ateneo de Madrid Sala Pecera Planta 1 17/01/2008     A-2761 1037688 23/02/2023 23/02/2023 Libro impreso